La cuestión de los derechos subjetivos en el derecho romano.
Gorde:
| Egile nagusia: | |
|---|---|
| Formatua: | Liburua |
| Hizkuntza: | ingelesa |
| Argitaratua: |
Buenos Aires, Argentina:
Ediciones Universidad del Salvador,
2013.
|
| Edizioa: | 1a. ed. |
| Saila: | Colección Estudios Jurídicos.
|
| Gaiak: | |
| Etiketak: |
Etiketa erantsi
Etiketarik gabe, Izan zaitez lehena erregistro honi etiketa jartzen!
|
MARC
| LEADER | 00000nam a22000007a 4500 | ||
|---|---|---|---|
| 003 | CL-VaPUC | ||
| 005 | 20220822114622.0 | ||
| 008 | 220714t2013 ||||| |||| 00| 0 eng d | ||
| 999 | |c 437031 |d 437029 | ||
| 020 | |a 978-950-592-166-9 | ||
| 040 | |c Pontificia Universidad Católica de Valparaíso | ||
| 082 | |2 22 |a 340.54 DIP 2013 | ||
| 100 | |9 375830 |a Di Pietro, Alfredo |e autor | ||
| 245 | |a La cuestión de los derechos subjetivos en el derecho romano. | ||
| 250 | |a 1a. ed. | ||
| 260 | |a Buenos Aires, Argentina: |b Ediciones Universidad del Salvador, |c 2013. | ||
| 300 | |a 123 páginas. | ||
| 490 | |a Colección Estudios Jurídicos. | ||
| 500 | |a c.1 Donación Familia Prof. Alejandro Guzmán Brito. | ||
| 583 | |c 20220714 |k Yessy Sthefany Diaz Vidal | ||
| 650 | 0 | |9 255930 |a Derecho romano | |
| 650 | 0 | |9 256705 |a Derecho subjetivo | |
| 942 | |2 ddc |c BK |n 0 | ||
| 952 | |0 0 |1 0 |2 ddc |4 0 |6 340_540000000000000_DIP_2013 |7 1 |8 C_AGB |9 584770 |a BIBDER |b BIBDER |d 2022-07-14 |e Donación |i 5652821 |o 340.54 DIP 2013 |p 5652821 |r 2023-01-25 |t 1 |w 2022-07-14 |y BK_US |k AGB | ||